| 000 | 00850nam a2200217Ia 4500 | ||
|---|---|---|---|
| 999 |
_c41454 _d41454 |
||
| 001 | 8118 | ||
| 003 | GE_BSU | ||
| 005 | 20240320111140.0 | ||
| 008 | 181216s2012||||ge |||||||||||||| ||geo|| | ||
| 040 | _cGE_BSU | ||
| 041 | _ageo | ||
| 080 | _a657.1.001:004 ა-16 | ||
| 100 |
_aაბესაძე, თემურ _920458 |
||
| 245 |
_aსასწავლო კურსი კომპიუტერულ საბუღალტრო ორის-ბუღალტერიაში პროგრამა / _cთემურ აბესაძე. |
||
| 264 |
_aთბილისი : _bშპს დანი, _c2012. |
||
| 300 |
_a238 გვ. ; _c29 სმ. |
||
| 541 | _h20ლ. | ||
| 653 | _aბუღალტერია | ||
| 653 | _aპროგრამა ორის- ბუღალტერია | ||
| 942 |
_cBK _2udc |
||